| 000 | 01389nam a2200337 i 4500 | ||
|---|---|---|---|
| 003 | EG-GICUC | ||
| 005 | 20260121101554.0 | ||
| 008 | 251231s2008 ua ||||fr|||| 000 0 ara d | ||
| 017 | _a2008/14104 | ||
| 020 | _a948-977-04 . 5694-2 | ||
| 040 |
_a EG-GICUC _bara _c EG-GICUC _d EG-GICUC _erda |
||
| 041 | _aara | ||
| 082 | 0 | 4 |
_221 _a345.6 _bم ح . ح |
| 092 | 0 | 4 | _221 |
| 099 | _aLaw1 07 345.6 م ح . ح 2008 | ||
| 100 | 0 |
_aمحمد أحمد عبدالنعيم _eمؤلف. |
|
| 245 | 1 | 0 |
_aحل مجالس إدارة الأندية الرياضية : _b (المنازعات وآليات التسوية ) دراسة مقارنة / _cدكتور محمد أحمد عبدالنعيم. |
| 264 | 1 |
_aالقاهرة : _bدار النهضة العربية, _c2008. |
|
| 300 |
_a264 صفحة ؛ _c24 سم _bإيضاحيات، صور، مثيليات ؛ |
||
| 336 |
_2rda content _atext |
||
| 337 |
_2rda media _aComputer |
||
| 338 |
_2rda carrier _aOnline Resource |
||
| 504 | _a. 262-255 ببليوجرافيا: صفحات. | ||
| 546 | _aالنص أغلبه باللغة العربية بعض النصوص الإنجليزية والفرنسية | ||
| 650 | 1 | 4 |
_aالقرارت الإدارية _2qrmak |
| 650 | 1 | 4 |
_aالقانون الإداري _2qrmak |
| 651 | 1 | _2qrmak | |
| 856 | 4 | 0 | _uhttps://fll.law.cu.edu.eg/fulltext/bks/B07-02126.pdf |
| 905 | _a79 | ||
| 942 |
_2ddc _cBK _e21 _n0 |
||
| 999 |
_c53408 _d53408 |
||